| 000 | 00716nam a2200229Ia 4500 | ||
|---|---|---|---|
| 001 | 9029 | ||
| 003 | GE_BSU | ||
| 008 | 181216s||||||||xx |||||||||||||| ||und|| | ||
| 040 | _cGE_BSU | ||
| 080 | _a821.353.1–1 | ||
| 100 | _aკობერიძე,ნუგზარ | ||
| 245 | _aბაღში ეკალი ჰყვავის | ||
| 245 | _bლექსები | ||
| 245 | _cრედ. მ.ჯაფარიძე.მხატვ.ე.თოდრია | ||
| 260 | _aთბილისი | ||
| 260 | _bმერანი | ||
| 260 | _c1985 | ||
| 300 | _a66გვ.17სმ. | ||
| 653 | _aბაღში ეკალი ჰყვავის | ||
| 653 | _aლექსები | ||
| 942 | _cBK | ||
| 999 |
_c42333 _d42333 |
||